• 首页
  • 本馆介绍
  • 公告通知
  • 最新文献
  • 馆藏检索
  • 电子资源
  • 读者导购
  • 参考咨询
  • 我的图书馆
  • 登录
  • 详细信息显示
  • 放入我的书架
  • 预约/预借图书
  • 作者相关作品
  • 分类相关作品
  • 丛书相关作品
  • 出版社相关作品

书目信息

  • 表格格式
  • 工作单格式
  • 卡片格式
题名:
游泳
    
 
作者: 沈文益 编著
分册:  
出版信息: 北京   人民体育出版社  1993.6
页数: 203页
开本: 20cm
丛书名: 体育爱好者丛书
单 册:
中图分类: G861.1
科图分类:
主题词: 水上运动 , 雪上运动 , 冰上运动
电子资源:
ISBN: 7-5009-0878-4
000 00694nam0 2200253 45
001 0001061559
005 20040507085340.7
010    @a7-5009-0878-4@dCNY9.00
100    @a20000106d1993 km y0chiy0120 ea
101    @achi
105    @a z 000yy
200 1  @a游泳@f沈文益编著
210    @a北京@c人民体育出版社@d1993.6
215    @a203页@d20cm
225    @a体育爱好者丛书@f江声,丛明礼主编
410    @12001 @a体育爱好者丛书
410    @1700 0@a丛明礼@ACong Ming Li@4主编@a江声@AJiang Sheng@4主编
606 0  @a水上运动
606 0  @a雪上运动
606 0  @a冰上运动
690    @aG861.1@v1
701    @a沈文益@4编著
801    @aCN@bTSTC@c20000106
905    @dG861.1@e20@f4@b284663-666
    
    游泳/沈文益编著.-北京:人民体育出版社,1993.6
    203页;20cm.-(体育爱好者丛书/江声,丛明礼主编)
    
    
    ISBN 7-5009-0878-4:CNY9.00
    
●
相关链接 在E读中查询图书 在五车中查询图书 在当当中查询图书 在豆瓣中查询图书


正题名:游泳     索取号:G861.1/20         预约/预借

序号 登录号 条形码 馆藏地/架位号 状态 备注
1 0284663   002846638   第四借阅区/ [索取号:G861.1/20] 在馆    
2 0284664   002846647   密集书库/ [索取号:G861.1/20] 在馆    
3 0284665   002846656   密集书库/ [索取号:G861.1/20] 在馆    
4 0284666   002846665   第四借阅区/ [索取号:G861.1/20] 在馆    
5 0284667   002846674   第一样本阅览室/ [索取号:G861.1/20] 在馆    
唐山师范学院图书馆 欢迎您!
大连网信软件有限公司© 版权所有